Effeciency of antibiotic drugs on escherichia coli in swine staung district kompong thom province, ប្រសិទ្ធភាពរបស់ថ្នាំអង់ទីប៊ីយូទិចទៅលើជម្ងឺអេស្ពីរីស៉្យា កូលីជ្រូក នៅស្រុកស្ទោង ខេត្តកំពង់ធំ (Record no. 2047)

000 -LEADER
fixed length control field 00725nam a22001577a 4500
003 - CONTROL NUMBER IDENTIFIER
control field OSt
005 - DATE AND TIME OF LATEST TRANSACTION
control field 20151006144641.0
008 - FIXED-LENGTH DATA ELEMENTS--GENERAL INFORMATION
fixed length control field 151006b xxu||||| |||| 00| 0 eng d
040 ## - CATALOGING SOURCE
Transcribing agency RUA
082 ## - DEWEY DECIMAL CLASSIFICATION NUMBER
Classification number AVM KEP 2006 B076 Or.1
100 ## - MAIN ENTRY--PERSONAL NAME
9 (RLIN) 2176
Personal name KEP, RATANA.
245 ## - TITLE STATEMENT
Title Effeciency of antibiotic drugs on escherichia coli in swine staung district kompong thom province, ប្រសិទ្ធភាពរបស់ថ្នាំអង់ទីប៊ីយូទិចទៅលើជម្ងឺអេស្ពីរីស៉្យា កូលីជ្រូក នៅស្រុកស្ទោង ខេត្តកំពង់ធំ
260 ## - PUBLICATION, DISTRIBUTION, ETC. (IMPRINT)
Place of publication, distribution, etc. Phnom Penh
Name of publisher, distributor, etc. RUA
Date of publication, distribution, etc. 2006
300 ## - PHYSICAL DESCRIPTION
Extent 44p.
Other physical details ill.
Dimensions 29cm.
942 ## - ADDED ENTRY ELEMENTS (KOHA)
Source of classification or shelving scheme
Koha item type AVM
Holdings
Price effective from Date last seen Permanent Location Not for loan Date acquired Source of classification or shelving scheme Koha item type Lost status Withdrawn status Total Renewals Date last checked out Total Checkouts Shelving location Damaged status Barcode Current Location Full call number
2015-10-062015-10-06Library Block B 2015-10-06 AVM     B076 RUA008868Library Block BAVM KEP 2006 B076 Or.1
2015-10-062018-07-27Library Block B 2015-10-06 AVM  12018-07-102B076 RUA008992Library Block BAVM KEP 2006 B076 Or.2
2015-10-062018-04-27Library Block B 2015-10-06 AVM   2018-04-252B076 RUA008466Library Block BAVM KEP 2006 B076 Or.3
មជ្ឈមណ្ឌលឯការនៃសាកលវិទ្យាល័យភូមិន្ទកសិកម្មចំការដូង

Powered by Koha